000 00777nam a22002412 4500
001 0000018441
005 20151217152128.0
008 091029s xx 000 0 eng d
020 _a0435402099 :
040 _aKABU
_cKABU
100 1 _aClements, Brian.
_@0000177698
245 1 0 _aElectrical installations /
_cBrian Clements, Steve Thompson, Nigel Harman.
250 _a1st ed.
260 _aHarlow, England :
_bHeinemann,
_c2008.
300 _avi, 373 p.
500 _aRevision guide to Electrical installations Levels 2 & 3.
650 0 _aElectric engineering.
_@0000020942
700 1 _aThompson, Steve.
_@0000177699
700 1 _aHarman, Nigel.
_@0000177700
852 1 _9p3450 KES
908 _a091029
950 _@1
999 _c8573
_d8573